๐ŸŒ Guess the Country by Emojis - Statistics

General Stats
  • This quiz has been taken 104 times
  • The average score is 8 of 8
Answer Stats
Hint Answer % Correct
๐Ÿ•๐ŸŽญ๐Ÿ›ต Italy
100%
๐Ÿฅ–๐Ÿ—ผ๐ŸŽจ France
99%
๐Ÿฃ๐Ÿ—ป๐ŸŒธ Japan
99%
๐Ÿ—ฝ๐Ÿ”๐ŸŽฌ USA
99%
๐Ÿฆ˜๐Ÿ„โ˜€๏ธ Australia
98%
๐Ÿผ๐Ÿฅข๐Ÿฏ China
98%
๐ŸŒฎ๐ŸŒต๐ŸŽ‰ Mexico
97%
๐Ÿ‘๐Ÿฅโ›ฐ๏ธ New Zealand
80%
No matching quizzes found
Score Distribution
Percent of People with Each Score
Percentile by Number Answered
Your Score History
You have not taken this quiz